Once upon a time character name - Statistics

General Stats
  • This quiz has been taken 1,059 times
  • The average score is 10 of 14
Answer Stats
Hint Answer % Correct
Jennifer Morrison Emma Swan
98%
Ginnifer Goodwin Mary Margeret/Snow white
98%
Lana Parilla Regina Mills/Evil queen
97%
Josh Dallas David Nolan/Prince charming
96%
Emilie de Ravin Belle/Lacey
91%
Robert Carlyle Mr. Gold/Rumplestiltskin
90%
Jared Gilmore Henry Mills
86%
Meghan Ory Ruby/Red
78%
Jamie Chung Mulan
67%
Lee Arenberg Leroy/Grumpy
61%
Sarah Bolger Aurora
52%
Berverly Elliot Granny
50%
Raphael Sbarge Archie Hopper/ Jiminy cricket
44%
Bailee Madison Young Snow White
36%
No matching quizzes found
Score Distribution
Percent of People with Each Score
Percentile by Number Answered
Your Score History
You have not taken this quiz